| 000 | 00789cam a2200265 a 4500 | ||
|---|---|---|---|
| 001 | 12978563 | ||
| 005 | 20180109040456.0 | ||
| 008 | 021023s2004 njua 001 0 eng | ||
| 010 | _a 2002192688 | ||
| 015 | _aGBA4-17854 | ||
| 020 | _a0131407481 | ||
| 020 | _a0131217305 (pbk.) | ||
| 035 | _a(OCoLC)ocm50913104 | ||
| 040 |
_aDLC _cDLC _dYDX _dMUQ _dUKM _dBAKER _dNLGGC _dDLC |
||
| 041 | _aeng | ||
| 080 | _a547 | ||
| 082 | 0 | 0 |
_a547 _221 |
| 084 |
_a547 BRU _2bcl |
||
| 100 | 1 | _a12 | |
| 101 | _aKIM | ||
| 245 | 1 | 0 |
_aOrganic chemistry / _cPaula Yurkanis Bruice. |
| 906 |
_a7 _bcbc _corignew _d1 _eocip _f20 _gy-gencatlg |
||
| 942 |
_2ddc _cBK |
||
| 999 |
_c39855 _d39855 |
||